000 01437nam a2200349 a 4500
003 BLK
005 20240717083455.0
008 180412b bul|||||r ||||||| ||bul||
010 _aKNG00009490000
020 _a954-439-054-5
040 _aBLK
041 _aBUL
_cBUL
080 _aБългарска литература
_b821.163.2
_x-1
_z821.163.2-1
080 _aБългарска литература
_b821.163.2
_x.09
_z821.163.2.09
100 1 _aМилев, Гео
_gКасабов, Георги Милев
_d1895-1925
_9363720
139 _aМилев, Гео
_bМ 57
245 1 0 _aПоезия и критика
_cГео Милев; предг. и състав. Виолета Русева.
257 _aBGR
260 _aВелико Търново
_bСлово
_c1992
_fРусе : Дунав прес
300 _a126 с.
_c20 см
380 _aX
490 _aМалка ученическа библиотека
500 _aКор. загл. Поезия и публицистика. - Офс. изд. - Истинското име на авт. е Георги Милев Касабов.
700 1 _aРусева, Виолета
_eпредг. и състав.
_9363299
852 _aЦб 177067
_bЦб
856 4 _qpdf
_u
856 4 _qpdf
_u
942 _cKNG
_n0
_01
944 _aCR
_c15.01.2003
_lМартин Енчев
_k30575
944 _aED
_c17.08.2011
_lф /
999 _c8153
_d8153
999 _d8153